书目信息 |
| 题名: |
体育摄影
|
|
| 作者: | ;体育报摄影组 编写 | |
| 分册: | ||
| 出版信息: | 上海 上海人民美术出版社 1979 |
|
| 页数: | 85页 | |
| 开本: | 19cm | |
| 丛书名: | 实用摄影知识丛书 | |
| 单 册: | ||
| 中图分类: | J416 | |
| 科图分类: | ||
| 主题词: | 体育摄影-摄影技术 , 摄影技术-体育摄影 | |
| 电子资源: | ||
| ISBN: | ||
| 000 | 00737nam2 2200265 45 | |
| 001 | 0179007634 | |
| 005 | 20060509103049.40 | |
| 010 | @dCNY0.40 | |
| 091 | @a8081.11258 | |
| 100 | @a19950724d1979 em y0chiy0121 ea | |
| 101 | 0 | @achi |
| 102 | @aCN@b310000 | |
| 105 | @af z 000yy | |
| 200 | 10 | @a体育摄影@Ati yu she ying@f体育报摄影组编写@Fti yu bao she ying zu bian xie |
| 205 | @a新1版 | |
| 210 | @a上海@c上海人民美术出版社@d1979 | |
| 215 | @a85页@d19cm | |
| 225 | 2 | @a实用摄影知识丛书 |
| 410 | 0 | @120010@a实用摄影知识丛书 |
| 606 | @a体育摄影-摄影技术 | |
| 606 | @a摄影技术-体育摄影 | |
| 690 | @aJ416@v3 | |
| 711 | 02 | @a体育报摄影组@Ati yu bao she ying zu@4编写 |
| 801 | 0 | @aCN@bTSSF@c20060509 |
| 905 | @a10447@dJ416@e21 | |
| 体育摄影/体育报摄影组编写.-新1版.-上海:上海人民美术出版社,1979 |
| 85页;19cm.-(实用摄影知识丛书) |
| ISBN :CNY0.40 |
| ● |
| 相关链接 |
|
|
|
|
正题名:体育摄影
索取号:J416/21
 
预约/预借
| 序号 | 登录号 | 条形码 | 馆藏地/架位号 | 状态 | 备注 |
| 1 | 0006897 | 202334081 | 密集书库/ [索取号:J416/21] | 在馆 |